[Event "EYCC Open-U18 2019"]
[Site "Bratislava"]
[Date "2019.08.08"]
[Round "7.7"]
[White "Salemgareev, Tagir"]
[Black "Pantzar, Milton"]
[Result "1/2-1/2"]
[WhiteElo "2412"]
[BlackElo "2357"]
[Annotator "NA"]
[PlyCount "129"]
[EventDate "2019.08.02"]
[EventType "swiss"]
[EventCountry "SVK"]
[SourceTitle "playchess.com"]
[Source "ChessBase"]
[SourceQuality "1"]
[TimeControl "40/5400+30:1800+30"]

1. d4 {[%emt 0:00:00]} d5 {[%emt 0:00:00]} 2. c4 {[%emt 0:00:00]} c6 {[%emt 0:00:00]} 3. Nf3 {[%emt 0:00:00]} Nf6 {[%emt 0:00:00]} 4. Nc3 {[%emt 0:00:00]} dxc4 {[%emt 0:00:06]} 5. a4 {[%emt 0:00:00]} Bf5 {[%emt 0:00:21]} 6. Ne5 {[%emt 0:00:00]} Nbd7 {[%emt 0:01:37]} 7. Nxc4 {[%emt 0:00:00]} Nb6 {[%emt 0:00:08]} 8. Ne5 {[%emt 0:00:04]} a5 {[%emt 0:00:22]} 9. e3 {[%emt 0:00:06]} g6 {[%emt 0:13:52]} 10. g3 {[%emt 0:06:51]} Bg7 {[%emt 0:04:23]} 11. Bg2 {[%emt 0:00:06]} O-O {[%emt 0:01:28]} 12. O-O {[%emt 0:00:06]} Nfd7 {[%emt 0:04:21]} 13. f4 {[%emt 0:02:43]} Nxe5 {[%emt 0:05:15]} 14. fxe5 {[%emt 0:02:27]} Be6 {[%emt 0:02:43]} 15. Ne4 {[%emt 0:11:48]} Bc4 {[%emt 0:06:25]} 16. Re1 {[%emt 0:03:39]} Bd5 {[%emt 0:02:37]} 17. Qc2 {[%emt 0:08:05]} f6 {[%emt 0:07:22]} 18. exf6 {[%emt 0:01:30]} exf6 {[%emt 0:00:22]} 19. Nc5 {[%emt 0:02:13]} f5 {[%emt 0:05:01]} 20. Bxd5+ {[%emt 0:05:07]} cxd5 {[%emt 0:02:50]} 21. Bd2 {[%emt 0:08:15]} Qe7 {[%emt 0:03:11]} 22. Qb3 {[%emt 0:06:46]} Nc4 {[%emt 0:03:21]} 23. Rad1 {[%emt 0:01:31]} b6 {[%emt 0:02:14]} 24. Nd3 {[%emt 0:02:29]} Rad8 {[%emt 0:04:14]} 25. Bc1 {[%emt 0:20:54]} Rfe8 {[%emt 0:05:40]} 26. Qb5 {[%emt 0:03:50]} Bh6 {[%emt 0:11:27]} 27. Ne5 {[%emt 0:01:40]} Nxe5 {[%emt 0:00:34]} 28. dxe5 {[%emt 0:00:06]} Qc5 {[%emt 0:01:21]} 29. Qxc5 {[%emt 0:00:55]} bxc5 {[%emt 0:00:05]} 30. Bd2 {[%emt 0:00:05]} Rxe5 {[%emt 0:01:45]} 31. Bxa5 {[%emt 0:01:12]} Ra8 {[%emt 0:03:22]} 32. Bc7 {[%emt 0:05:30]} Rxe3 {[%emt 0:00:17]} 33. a5 {[%emt 0:00:24]} Kf7 {[%emt 0:04:00]} 34. Rxe3 {[%emt 0:01:45]} Bxe3+ {[%emt 0:00:01]} 35. Kf1 {[%emt 0:00:08]} Ke6 {[%emt 0:02:25]} 36. Bb6 {[%emt 0:00:16]} f4 {[%emt 0:02:19]} 37. gxf4 {[%emt 0:05:20]} Bxf4 {[%emt 0:00:02]} 38. h3 {[%emt 0:00:22]} Kd6 {[%emt 0:00:46]} 39. b4 {[%emt 0:02:35]} cxb4 {[%emt 0:00:27]} 40. Rd4 {[%emt 0:00:00]} Be3 {[%emt 0:00:00]} 41. Rxb4 {[%emt 0:00:21]} Bxb6 {[%emt 0:07:10]} 42. Rxb6+ {[%emt 0:00:13]} Kc5 {[%emt 0:06:27]} 43. Rb7 {[%emt 0:00:08]} Rxa5 {[%emt 0:00:44]} 44. Rxh7 {[%emt 0:00:05]} Kd4 {[%emt 0:00:34]} 45. Rg7 {[%emt 0:08:20]} Ra6 {[%emt 0:00:44]} 46. Ke2 {[%emt 0:00:30]} Re6+ {[%emt 0:03:12]} 47. Kd2 {[%emt 0:00:55]} Ke4 {[%emt 0:00:43]} 48. h4 {[%emt 0:07:00]} Kf5 {[%emt 0:07:01]} 49. Kd3 {[%emt 0:02:15]} Re1 {[%emt 0:01:18]} 50. Rf7+ {[%emt 0:02:24]} Kg4 {[%emt 0:01:12]} 51. Rg7 {[%emt 0:00:29]} Kf5 {[%emt 0:00:20]} 52. Rf7+ {[%emt 0:00:28]} Ke6 {[%emt 0:00:03]} 53. Rh7 {[%emt 0:00:51]} Rg1 {[%emt 0:01:56]} 54. Rh8 {[%emt 0:01:05]} Rg4 {[%emt 0:00:51]} 55. Ke3 {[%emt 0:04:04]} Re4+ {[%emt 0:01:05]} 56. Kd3 {[%emt 0:00:34]} Ra4 {[%emt 0:00:47]} 57. Ke3 {[%emt 0:01:42]} Kf5 {[%emt 0:02:10]} 58. Rf8+ {[%emt 0:02:21]} Kg4 {[%emt 0:00:09]} 59. Rg8 {[%emt 0:03:01]} Ra6 {[%emt 0:00:05]} 60. Rh8 {[%emt 0:00:04]} Kg3 {[%emt 0:01:39]} 61. Rh6 {[%emt 0:01:31]} Kg4 {[%emt 0:00:19]} 62. Kd4 {[%emt 0:00:33]} Kf5 {[%emt 0:00:41]} 63. Kxd5 {[%emt 0:00:32]} Ra1 {[%emt 0:00:06]} 64. Kd4 {[%emt 0:00:24]} Rh1 {[%emt 0:00:06]} 65. Ke3 {[%emt 0:00:11]} 1/2-1/2

[Event "EYCC Open-U18 2019"]
[Site "Bratislava"]
[Date "2019.08.08"]
[Round "7.8"]
[White "Gumularz, Szymon"]
[Black "Kotau, Arseni"]
[Result "1-0"]
[WhiteElo "2502"]
[BlackElo "2227"]
[Annotator "ChessBase"]
[PlyCount "57"]
[EventDate "2019.08.02"]
[EventType "swiss"]
[EventCountry "SVK"]
[SourceTitle "playchess.com"]
[Source "ChessBase"]
[SourceQuality "1"]
[TimeControl "40/5400+30:1800+30"]

1. e4 {[%emt 0:00:00]} c5 {[%emt 0:00:00]} 2. Nf3 {[%emt 0:00:00]} e6 {[%emt 0:00:00]} 3. d4 {[%emt 0:00:00]} cxd4 {[%emt 0:00:00]} 4. Nxd4 {[%emt 0:00:00]} a6 {[%emt 0:00:00]} 5. Be2 {[%emt 0:00:00]} Nf6 {[%emt 0:00:50]} 6. Nc3 {[%emt 0:00:00]} Qc7 {[%emt 0:00:14]} 7. O-O {[%emt 0:00:02]} d6 {[%emt 0:02:26]} 8. f4 {[%emt 0:00:11]} Nbd7 {[%emt 0:13:03]} 9. Bf3 {[%emt 0:01:04]} Be7 {[%emt 0:00:25]} 10. a4 {[%emt 0:03:23]} O-O {[%emt 0:03:28]} 11. g4 {[%emt 0:00:04]} Rd8 {[%emt 0:08:05]} 12. g5 {[%emt 0:00:31]} Ne8 {[%emt 0:00:41]} 13. Bg2 {[%emt 0:00:11]} Ne5 {[%emt 0:15:38]} 14. Kh1 {[%emt 0:15:44]} Nc4 {[%emt 0:01:31]} 15. f5 {[%emt 0:06:26]} Qb6 {[%emt 0:03:36]} 16. fxe6 {[%emt 0:07:36]} fxe6 {[%emt 0:01:03]} 17. Nxe6 {[%emt 0:01:15]} Bxe6 {[%emt 0:07:55]} 18. Nd5 {[%emt 0:00:06]} Bxd5 {[%emt 0:00:09]} 19. Qxd5+ {[%emt 0:00:03]} Kh8 {[%emt 0:00:06]} 20. Qxc4 {[%emt 0:01:09]} d5 {[%emt 0:01:01]} 21. exd5 {[%emt 0:00:10]} Nd6 {[%emt 0:00:09]} 22. Qe2 {[%emt 0:07:42]} Re8 {[%emt 0:02:05]} 23. Qd3 {[%emt 0:15:13]} Rf8 {[%emt 0:04:35]} 24. Bd2 {[%emt 0:06:44]} Rxf1+ {[%emt 0:11:57]} 25. Rxf1 {[%emt 0:00:16]} Qxb2 {[%emt 0:00:17]} 26. Bc3 {[%emt 0:01:09]} Qb6 {[%emt 0:03:00]} 27. g6 {[%emt 0:00:42]} h6 {[%emt 0:00:11]} 28. Qh3 {[%emt 0:00:33]} Bg5 {[%emt 0:00:06]} 29. Qd7 {[%emt 0:00:21]} 1-0

[Event "EYCC Open-U18 2019"]
[Site "Bratislava"]
[Date "2019.08.08"]
[Round "7.9"]
[White "Pechac, Jergus"]
[Black "Godzwon, Iwo"]
[Result "1/2-1/2"]
[WhiteElo "2469"]
[BlackElo "2285"]
[Annotator "ChessBase"]
[PlyCount "136"]
[EventDate "2019.08.02"]
[EventType "swiss"]
[EventCountry "SVK"]
[SourceTitle "playchess.com"]
[Source "ChessBase"]
[SourceQuality "1"]
[TimeControl "40/5400+30:1800+30"]

1. d4 {[%emt 0:02:31]} Nf6 {[%emt 0:00:00]} 2. c4 {[%emt 0:00:12]} e6 {[%emt 0:00:00]} 3. Nc3 {[%emt 0:00:24]} Bb4 {[%emt 0:00:00]} 4. e3 {[%emt 0:00:07]} O-O {[%emt 0:00:00]} 5. Bd3 {[%emt 0:00:03]} d5 {[%emt 0:00:00]} 6. Nf3 {[%emt 0:00:12]} c5 {[%emt 0:00:01]} 7. O-O {[%emt 0:00:09]} cxd4 {[%emt 0:04:41]} 8. exd4 {[%emt 0:00:06]} dxc4 {[%emt 0:00:03]} 9. Bxc4 {[%emt 0:00:12]} b6 {[%emt 0:00:04]} 10. Bg5 {[%emt 0:00:08]} Bb7 {[%emt 0:00:43]} 11. Qe2 {[%emt 0:00:22]} Nbd7 {[%emt 0:01:14]} 12. Rac1 {[%emt 0:00:13]} Rc8 {[%emt 0:00:47]} 13. Bd3 {[%emt 0:02:12]} Bxc3 {[%emt 0:00:06]} 14. bxc3 {[%emt 0:00:11]} Qc7 {[%emt 0:00:15]} 15. c4 {[%emt 0:05:45]} h6 {[%emt 0:00:23]} 16. Bd2 {[%emt 0:01:47]} Rfe8 {[%emt 0:03:27]} 17. Rfe1 {[%emt 0:01:57]} Qd6 {[%emt 0:01:19]} 18. Bc3 {[%emt 0:07:01]} Ng4 {[%emt 0:02:14]} 19. h3 {[%emt 0:02:52]} Bxf3 {[%emt 0:00:13]} 20. Qxf3 {[%emt 0:00:13]} Qh2+ {[%emt 0:00:04]} 21. Kf1 {[%emt 0:00:14]} Ngf6 {[%emt 0:00:50]} 22. Qg3 {[%emt 0:03:46]} Qxg3 {[%emt 0:00:04]} 23. fxg3 {[%emt 0:00:08]} Red8 {[%emt 0:00:13]} 24. Ke2 {[%emt 0:03:41]} Re8 {[%emt 0:25:23]} 25. Kf3 {[%emt 0:02:37]} Red8 {[%emt 0:00:36]} 26. Ke3 {[%emt 0:01:05]} Re8 {[%emt 0:00:43]} 27. Kd2 {[%emt 0:01:14]} Red8 {[%emt 0:00:28]} 28. g4 {[%emt 0:02:12]} e5 {[%emt 0:02:44]} 29. d5 {[%emt 0:02:32]} Re8 {[%emt 0:00:42]} 30. Bf1 {[%emt 0:08:47]} Re7 {[%emt 0:02:16]} 31. Kc2 {[%emt 0:02:27]} Ne8 {[%emt 0:03:24]} 32. h4 Nd6 {[%emt 0:13:26]} 33. Kb1 {[%emt 0:08:57]} f6 {[%emt 0:00:22]} 34. Bd2 {[%emt 0:02:05]} Nc5 {[%emt 0:00:39]} 35. g5 {[%emt 0:02:06]} hxg5 {[%emt 0:06:20]} 36. hxg5 {[%emt 0:00:24]} Nde4 {[%emt 0:00:07]} 37. gxf6 {[%emt 0:00:47]} Nxd2+ {[%emt 0:00:08]} 38. Kc2 {[%emt 0:00:05]} gxf6 {[%emt 0:01:29]} 39. Kxd2 {[%emt 0:00:08]} f5 {[%emt 0:01:25]} 40. Re3 {[%emt 0:00:00]} Kg7 {[%emt 0:00:00]} 41. Kc3 {[%emt 0:03:12]} Rh8 {[%emt 0:05:54]} 42. Kb4 {[%emt 0:06:24]} Kf6 {[%emt 0:00:28]} 43. a4 {[%emt 0:00:20]} f4 {[%emt 0:03:59]} 44. Rf3 {[%emt 0:01:41]} Kg5 {[%emt 0:02:28]} 45. g3 {[%emt 0:00:31]} Rh1 {[%emt 0:06:47]} 46. gxf4+ {[%emt 0:01:40]} exf4 {[%emt 0:00:05]} 47. Kb5 {[%emt 0:00:11]} Kg4 {[%emt 0:14:04]} 48. Ra3 {[%emt 0:09:57]} f3 {[%emt 0:00:30]} 49. a5 {[%emt 0:00:12]} Rh6 {[%emt 0:05:24]} 50. axb6 {[%emt 0:01:32]} axb6 {[%emt 0:00:02]} 51. Ra8 {[%emt 0:00:16]} Re3 {[%emt 0:00:04]} 52. Rb1 {[%emt 0:02:15]} Ne4 {[%emt 0:00:43]} 53. Rg8+ {[%emt 0:02:29]} Kf4 {[%emt 0:00:06]} 54. Ka6 {[%emt 0:00:22]} b5+ {[%emt 0:02:15]} 55. Ka7 {[%emt 0:02:13]} Nd2 {[%emt 0:04:32]} 56. Rd1 {[%emt 0:10:00]} Nxc4 {[%emt 0:00:24]} 57. Bxc4 {[%emt 0:02:58]} bxc4 {[%emt 0:00:03]} 58. Rc8 {[%emt 0:01:43]} Re7+ {[%emt 0:04:32]} 59. Kb8 {[%emt 0:00:19]} f2 {[%emt 0:00:04]} 60. Rxc4+ {[%emt 0:05:16]} Ke3 {[%emt 0:02:25]} 61. Rc6 {[%emt 0:05:05]} Ke2 {[%emt 0:06:58]} 62. Rxh6 {[%emt 0:02:58]} Kxd1 {[%emt 0:00:03]} 63. Rf6 {[%emt 0:00:11]} Ke2 {[%emt 0:00:34]} 64. Rxf2+ {[%emt 0:00:24]} Kxf2 {[%emt 0:00:05]} 65. Kc8 {[%emt 0:00:05]} Ke3 {[%emt 0:00:19]} 66. d6 {[%emt 0:00:06]} Rh7 {[%emt 0:00:10]} 67. d7 {[%emt 0:00:03]} Rxd7 {[%emt 0:00:03]} 68. Kxd7 Ke4 1/2-1/2

[Event "EYCC Open-U18 2019"]
[Site "Bratislava"]
[Date "2019.08.08"]
[Round "7.10"]
[White "Levitskiy, Andrey"]
[Black "Blohberger, Felix"]
[Result "1-0"]
[WhiteElo "2280"]
[BlackElo "2476"]
[Annotator "ChessBase"]
[PlyCount "71"]
[EventDate "2019.08.02"]
[EventType "swiss"]
[EventCountry "SVK"]
[SourceTitle "playchess.com"]
[Source "ChessBase"]
[SourceQuality "1"]
[TimeControl "40/5400+30:1800+30"]

1. e4 {[%emt 0:00:00]} c5 {[%emt 0:00:00]} 2. Nf3 {[%emt 0:00:00]} d6 {[%emt 0:00:00]} 3. d4 {[%emt 0:00:14]} cxd4 {[%emt 0:00:00]} 4. Nxd4 {[%emt 0:00:03]} Nf6 {[%emt 0:00:00]} 5. Nc3 {[%emt 0:00:10]} a6 {[%emt 0:00:01]} 6. h3 {[%emt 0:00:37]} e6 {[%emt 0:02:01]} 7. g4 {[%emt 0:00:20]} Nfd7 {[%emt 0:00:26]} 8. g5 {[%emt 0:01:07]} Be7 {[%emt 0:00:57]} 9. h4 {[%emt 0:00:23]} b5 {[%emt 0:02:44]} 10. a3 {[%emt 0:00:18]} Bb7 {[%emt 0:02:54]} 11. Be3 {[%emt 0:00:38]} Nc6 {[%emt 0:00:37]} 12. Nxc6 {[%emt 0:01:04]} Bxc6 {[%emt 0:00:07]} 13. Qd4 {[%emt 0:00:06]} O-O {[%emt 0:03:37]} 14. O-O-O {[%emt 0:00:34]} Rb8 {[%emt 0:07:08]} 15. h5 {[%emt 0:00:53]} Re8 {[%emt 0:21:38]} 16. Rg1 {[%emt 0:17:52]} Bf8 {[%emt 0:13:04]} 17. f4 {[%emt 0:22:09]} a5 {[%emt 0:07:06]} 18. g6 {[%emt 0:03:02]} fxg6 {[%emt 0:02:13]} 19. hxg6 {[%emt 0:00:47]} h6 {[%emt 0:01:11]} 20. Bh3 {[%emt 0:16:11]} b4 {[%emt 0:05:08]} 21. Qc4 {[%emt 0:07:35]} bxc3 {[%emt 0:02:59]} 22. Qxc6 {[%emt 0:00:03]} cxb2+ {[%emt 0:01:03]} 23. Kb1 {[%emt 0:00:03]} Qe7 {[%emt 0:01:36]} 24. Rd3 {[%emt 0:05:52]} Nf6 {[%emt 0:05:18]} 25. Bd4 {[%emt 0:13:45]} Rec8 {[%emt 0:09:24]} 26. Bxf6 {[%emt 0:00:19]} Qxf6 {[%emt 0:01:09]} 27. Qd7 {[%emt 0:05:18]} Re8 {[%emt 0:02:33]} 28. Rb3 {[%emt 0:01:26]} Rbd8 {[%emt 0:02:04]} 29. Qc7 {[%emt 0:01:07]} a4 {[%emt 0:05:11]} 30. Rxb2 {[%emt 0:01:07]} Rc8 {[%emt 0:00:30]} 31. Qd7 {[%emt 0:00:53]} Rb8 {[%emt 0:01:41]} 32. Rb4 {[%emt 0:01:07]} Kh8 {[%emt 0:00:50]} 33. Qf7 {[%emt 0:00:33]} Rxb4+ {[%emt 0:00:46]} 34. axb4 {[%emt 0:00:03]} Qd8 {[%emt 0:00:31]} 35. Bxe6 {[%emt 0:00:22]} Be7 {[%emt 0:00:23]} 36. Rh1 {[%emt 0:00:15]} 1-0

[Event "EYCC Open-U18 2019"]
[Site "Bratislava"]
[Date "2019.08.08"]
[Round "7.11"]
[White "Zeman, Matyas"]
[Black "Petriashvili, Nikoloz"]
[Result "1/2-1/2"]
[WhiteElo "2275"]
[BlackElo "2451"]
[Annotator "ChessBase"]
[PlyCount "155"]
[EventDate "2019.08.02"]
[EventType "swiss"]
[EventCountry "SVK"]
[SourceTitle "playchess.com"]
[Source "ChessBase"]
[SourceQuality "1"]
[TimeControl "40/5400+30:1800+30"]

1. e4 {[%emt 0:00:00]} c5 {[%emt 0:00:00]} 2. Nf3 {[%emt 0:00:00]} Nc6 {[%emt 0:00:00]} 3. d4 {[%emt 0:00:00]} cxd4 {[%emt 0:00:14]} 4. Nxd4 {[%emt 0:00:05]} Nf6 {[%emt 0:01:36]} 5. Nc3 {[%emt 0:00:07]} d6 {[%emt 0:00:15]} 6. Be2 {[%emt 0:00:37]} g6 {[%emt 0:00:27]} 7. O-O {[%emt 0:00:18]} Bg7 {[%emt 0:00:09]} 8. Nb3 {[%emt 0:01:05]} O-O {[%emt 0:01:49]} 9. Bg5 {[%emt 0:02:34]} a6 {[%emt 0:04:08]} 10. f4 {[%emt 0:08:16]} b5 {[%emt 0:02:00]} 11. Bf3 {[%emt 0:02:03]} Bb7 {[%emt 0:01:46]} 12. Nd5 {[%emt 0:07:37]} Nxd5 {[%emt 0:02:26]} 13. exd5 {[%emt 0:00:49]} Na5 {[%emt 0:00:25]} 14. c3 {[%emt 0:07:51]} Nc4 {[%emt 0:01:04]} 15. Qe2 {[%emt 0:00:54]} Qb6+ {[%emt 0:23:43]} 16. Qf2 {[%emt 0:03:29]} Qxf2+ {[%emt 0:04:43]} 17. Rxf2 {[%emt 0:04:50]} f6 {[%emt 0:00:01]} 18. Bh4 {[%emt 0:00:06]} Bh6 {[%emt 0:00:03]} 19. Bg3 {[%emt 0:03:38]} g5 {[%emt 0:00:33]} 20. fxg5 {[%emt 0:01:30]} Bxg5 {[%emt 0:00:08]} 21. Re2 {[%emt 0:00:46]} Rf7 {[%emt 0:10:43]} 22. a4 {[%emt 0:12:20]} Nb6 {[%emt 0:13:15]} 23. axb5 {[%emt 0:00:29]} axb5 {[%emt 0:00:17]} 24. Rxa8+ {[%emt 0:00:06]} Bxa8 {[%emt 0:00:02]} 25. Nd4 {[%emt 0:03:21]} Bxd5 {[%emt 0:00:06]} 26. Bxd5 {[%emt 0:00:21]} Nxd5 {[%emt 0:00:03]} 27. Nxb5 {[%emt 0:00:12]} f5 {[%emt 0:02:01]} 28. c4 {[%emt 0:02:47]} Ne3 {[%emt 0:01:42]} 29. b3 {[%emt 0:01:09]} Rf8 {[%emt 0:01:39]} 30. h4 {[%emt 0:05:08]} Bh6 {[%emt 0:00:21]} 31. Bf2 {[%emt 0:00:09]} f4 {[%emt 0:00:09]} 32. Bxe3 {[%emt 0:02:06]} fxe3 {[%emt 0:00:05]} 33. Nd4 {[%emt 0:00:43]} Rf4 {[%emt 0:03:16]} 34. Nf3 {[%emt 0:01:32]} Rf5 {[%emt 0:05:13]} 35. Ra2 {[%emt 0:10:21]} Rc5 {[%emt 0:01:13]} 36. Kf1 {[%emt 0:04:01]} Rc7 {[%emt 0:04:25]} 37. Ke2 {[%emt 0:01:40]} Bg7 {[%emt 0:01:49]} 38. Ra8+ {[%emt 0:02:13]} Kf7 {[%emt 0:00:01]} 39. Rb8 {[%emt 0:00:17]} Bh6 {[%emt 0:00:51]} 40. Ng5+ {[%emt 0:00:00]} Bxg5 {[%emt 0:00:00]} 41. hxg5 {[%emt 0:00:06]} Rc5 {[%emt 0:00:57]} 42. Kxe3 {[%emt 0:02:04]} Rxg5 {[%emt 0:00:16]} 43. Kf3 {[%emt 0:00:09]} Rf5+ {[%emt 0:00:05]} 44. Ke3 {[%emt 0:00:07]} Rg5 {[%emt 0:00:05]} 45. Kf3 {[%emt 0:00:04]} Ra5 {[%emt 0:00:02]} 46. g4 {[%emt 0:06:48]} Ra1 {[%emt 0:00:02]} 47. Rb5 {[%emt 0:01:09]} Rb1 {[%emt 0:00:34]} 48. Kf4 {[%emt 0:06:40]} Kf6 {[%emt 0:00:29]} 49. Rf5+ {[%emt 0:00:40]} Ke6 {[%emt 0:00:14]} 50. Rb5 {[%emt 0:00:05]} h6 {[%emt 0:00:05]} 51. Ke4 {[%emt 0:02:18]} Kd7 {[%emt 0:02:13]} 52. Rb7+ {[%emt 0:03:41]} Ke6 {[%emt 0:00:09]} 53. Rb5 {[%emt 0:00:06]} Re1+ {[%emt 0:00:13]} 54. Kf4 {[%emt 0:00:06]} Kf6 {[%emt 0:00:35]} 55. Rf5+ {[%emt 0:05:42]} Kg6 {[%emt 0:00:05]} 56. Rd5 {[%emt 0:00:14]} Rb1 {[%emt 0:04:58]} 57. c5 {[%emt 0:01:34]} e5+ {[%emt 0:00:40]} 58. Ke4 {[%emt 0:00:52]} Re1+ {[%emt 0:00:03]} 59. Kf3 {[%emt 0:00:54]} dxc5 {[%emt 0:00:10]} 60. Rxc5 {[%emt 0:00:09]} Kg5 {[%emt 0:00:02]} 61. Rc4 {[%emt 0:01:21]} Rf1+ {[%emt 0:01:26]} 62. Ke4 {[%emt 0:02:02]} Kxg4 {[%emt 0:00:39]} 63. Kxe5+ {[%emt 0:00:05]} Kg5 {[%emt 0:00:07]} 64. Rc2 {[%emt 0:02:08]} h5 {[%emt 0:00:34]} 65. Rg2+ {[%emt 0:01:46]} Kh4 {[%emt 0:00:01]} 66. Kd5 {[%emt 0:00:29]} Kh3 {[%emt 0:00:06]} 67. Rg8 {[%emt 0:00:04]} Rf4 {[%emt 0:00:31]} 68. Kc5 {[%emt 0:00:49]} Rg4 {[%emt 0:00:04]} 69. Rh8 {[%emt 0:00:25]} h4 {[%emt 0:00:04]} 70. b4 {[%emt 0:00:04]} Kg2 {[%emt 0:00:10]} 71. b5 {[%emt 0:00:08]} h3 {[%emt 0:00:05]} 72. b6 {[%emt 0:00:13]} Rg7 {[%emt 0:00:03]} 73. Kc6 {[%emt 0:00:34]} h2 {[%emt 0:00:06]} 74. Rxh2+ {[%emt 0:00:03]} Kxh2 {[%emt 0:00:04]} 75. b7 {[%emt 0:00:03]} Rg8 {[%emt 0:00:02]} 76. Kc7 {[%emt 0:00:03]} Kg3 {[%emt 0:00:04]} 77. b8=Q {[%emt 0:00:04]} Rxb8 {[%emt 0:00:02]} 78. Kxb8 1/2-1/2

[Event "EYCC Open-U18 2019"]
[Site "Bratislava"]
[Date "2019.08.08"]
[Round "7.12"]
[White "Maksimovic, Bojan"]
[Black "Anghelus, Alin-Gabriel"]
[Result "1-0"]
[WhiteElo "2326"]
[BlackElo "2107"]
[Annotator "NA"]
[PlyCount "73"]
[EventDate "2019.08.02"]
[EventType "swiss"]
[EventCountry "SVK"]
[SourceTitle "playchess.com"]
[Source "ChessBase"]
[SourceQuality "1"]
[TimeControl "40/5400+30:1800+30"]

1. e4 {[%emt 0:00:00]} c5 {[%emt 0:00:00]} 2. Nf3 {[%emt 0:00:00]} Nc6 {[%emt 0:00:00]} 3. d4 {[%emt 0:00:00]} cxd4 {[%emt 0:00:20]} 4. Nxd4 {[%emt 0:00:00]} g6 {[%emt 0:00:14]} 5. Nc3 {[%emt 0:00:51]} Bg7 {[%emt 0:00:17]} 6. Be3 {[%emt 0:00:14]} Nf6 {[%emt 0:00:08]} 7. Nxc6 {[%emt 0:01:50]} bxc6 {[%emt 0:01:32]} 8. e5 {[%emt 0:00:07]} Ng8 {[%emt 0:00:09]} 9. f4 {[%emt 0:03:09]} Nh6 {[%emt 0:00:56]} 10. Qd2 {[%emt 0:01:00]} Nf5 {[%emt 0:12:57]} 11. Bf2 {[%emt 0:06:01]} d5 {[%emt 0:03:22]} 12. g4 {[%emt 0:07:27]} Nh6 {[%emt 0:00:28]} 13. h3 {[%emt 0:00:17]} Qa5 {[%emt 0:03:48]} 14. Ne4 {[%emt 0:18:24]} Qxd2+ {[%emt 0:00:30]} 15. Nxd2 {[%emt 0:00:01]} f6 {[%emt 0:03:08]} 16. exf6 {[%emt 0:00:54]} exf6 {[%emt 0:00:06]} 17. O-O-O {[%emt 0:02:10]} O-O {[%emt 0:03:16]} 18. Nb3 {[%emt 0:04:25]} Nf7 {[%emt 0:02:00]} 19. c4 {[%emt 0:05:07]} Bh6 {[%emt 0:10:53]} 20. cxd5 {[%emt 0:01:22]} Bxf4+ {[%emt 0:00:42]} 21. Kb1 {[%emt 0:00:06]} f5 {[%emt 0:07:04]} 22. g5 {[%emt 0:16:17]} cxd5 {[%emt 0:05:21]} 23. Bg2 {[%emt 0:00:59]} Bxg5 {[%emt 0:00:40]} 24. Bxd5 {[%emt 0:00:44]} Rb8 {[%emt 0:00:12]} 25. Bxa7 {[%emt 0:04:17]} Rb5 {[%emt 0:01:20]} 26. Rhe1 {[%emt 0:07:55]} Bf6 {[%emt 0:06:51]} 27. Bc5 {[%emt 0:03:54]} Rd8 {[%emt 0:01:09]} 28. a4 {[%emt 0:00:48]} Rb8 {[%emt 0:02:08]} 29. Be7 {[%emt 0:03:46]} Bxe7 {[%emt 0:02:48]} 30. Rxe7 {[%emt 0:00:10]} Rxd5 {[%emt 0:01:57]} 31. Re8+ {[%emt 0:00:34]} Kg7 {[%emt 0:00:04]} 32. Rxd5 {[%emt 0:00:06]} Rxb3 {[%emt 0:00:42]} 33. Rxc8 {[%emt 0:00:06]} f4 {[%emt 0:00:56]} 34. a5 {[%emt 0:01:13]} f3 {[%emt 0:01:02]} 35. Ka2 {[%emt 0:02:43]} f2 {[%emt 0:04:35]} 36. Rc1 {[%emt 0:00:24]} Re3 {[%emt 0:01:37]} 37. Rf1 {[%emt 0:00:17]} 1-0

[Event "EYCC Open-U18 2019"]
[Site "Bratislava"]
[Date "2019.08.08"]
[Round "7.13"]
[White "Chatzieleftheriou, Andreas"]
[Black "Van Foreest, Lucas"]
[Result "1-0"]
[WhiteElo "2208"]
[BlackElo "2521"]
[Annotator "ChessBase"]
[PlyCount "121"]
[EventDate "2019.08.02"]
[EventType "swiss"]
[EventCountry "SVK"]
[SourceTitle "playchess.com"]
[Source "ChessBase"]
[SourceQuality "1"]
[TimeControl "40/5400+30:1800+30"]

1. e4 {[%emt 0:00:00]} c5 {[%emt 0:00:00]} 2. Nf3 {[%emt 0:00:00]} d6 {[%emt 0:00:00]} 3. Bb5+ {[%emt 0:00:41]} Nd7 {[%emt 0:00:00]} 4. a4 {[%emt 0:01:12]} Ngf6 {[%emt 0:04:42]} 5. Nc3 {[%emt 0:00:51]} g6 {[%emt 0:04:20]} 6. a5 {[%emt 0:09:27]} Bg7 {[%emt 0:01:26]} 7. a6 {[%emt 0:02:40]} O-O {[%emt 0:00:52]} 8. O-O {[%emt 0:00:43]} Qc7 {[%emt 0:08:31]} 9. Re1 {[%emt 0:04:48]} bxa6 {[%emt 0:02:10]} 10. Bxa6 {[%emt 0:01:15]} Bxa6 {[%emt 0:00:39]} 11. Rxa6 {[%emt 0:00:16]} Nb8 {[%emt 0:00:26]} 12. Ra4 {[%emt 0:16:10]} Nc6 {[%emt 0:00:10]} 13. b3 {[%emt 0:05:23]} Qb7 {[%emt 0:00:39]} 14. Bb2 {[%emt 0:03:06]} Nd7 {[%emt 0:00:30]} 15. d3 {[%emt 0:02:03]} f5 {[%emt 0:10:06]} 16. Qe2 {[%emt 0:14:15]} Nde5 {[%emt 0:04:59]} 17. Nxe5 {[%emt 0:03:32]} Bxe5 {[%emt 0:02:17]} 18. Nd1 {[%emt 0:01:53]} f4 {[%emt 0:01:37]} 19. f3 {[%emt 0:02:56]} Nd4 {[%emt 0:00:03]} 20. Bxd4 {[%emt 0:02:21]} Bxd4+ {[%emt 0:00:04]} 21. Kh1 {[%emt 0:00:26]} Rfc8 {[%emt 0:05:13]} 22. Qd2 {[%emt 0:01:48]} g5 {[%emt 0:00:23]} 23. Nc3 {[%emt 0:01:27]} Rc6 {[%emt 0:08:52]} 24. Ne2 {[%emt 0:01:50]} Bf6 {[%emt 0:00:20]} 25. g3 {[%emt 0:01:17]} fxg3 {[%emt 0:00:39]} 26. hxg3 {[%emt 0:00:45]} Rf8 {[%emt 0:00:46]} 27. Kg2 {[%emt 0:00:35]} Ra6 {[%emt 0:01:02]} 28. Rxa6 {[%emt 0:01:11]} Qxa6 {[%emt 0:00:31]} 29. e5 {[%emt 0:00:16]} Bxe5 {[%emt 0:04:35]} 30. Qxg5+ {[%emt 0:00:07]} Kh8 {[%emt 0:07:17]} 31. Qxe7 {[%emt 0:03:59]} Qc8 {[%emt 0:00:23]} 32. Rh1 {[%emt 0:01:48]} Qf5 {[%emt 0:00:07]} 33. f4 {[%emt 0:01:33]} Bg7 {[%emt 0:00:21]} 34. Qe4 {[%emt 0:00:51]} d5 {[%emt 0:01:23]} 35. Qxf5 {[%emt 0:00:21]} Rxf5 {[%emt 0:00:03]} 36. g4 {[%emt 0:00:53]} Rf8 {[%emt 0:01:17]} 37. Rh5 {[%emt 0:00:20]} Rd8 {[%emt 0:00:01]} 38. Kf3 {[%emt 0:01:42]} Kg8 {[%emt 0:00:01]} 39. Rf5 {[%emt 0:00:54]} c4 {[%emt 0:00:05]} 40. d4 {[%emt 0:00:00]} cxb3 {[%emt 0:00:00]} 41. cxb3 {[%emt 0:11:01]} Bf8 {[%emt 0:03:23]} 42. Ke3 {[%emt 0:03:09]} a5 {[%emt 0:11:53]} 43. Kd3 {[%emt 0:04:13]} Rb8 {[%emt 0:00:18]} 44. Kc2 {[%emt 0:00:41]} Rc8+ {[%emt 0:03:50]} 45. Kb2 {[%emt 0:00:29]} Bb4 {[%emt 0:00:22]} 46. Rxd5 {[%emt 0:00:45]} Rc6 {[%emt 0:00:04]} 47. g5 {[%emt 0:17:58]} h6 {[%emt 0:00:06]} 48. gxh6 {[%emt 0:00:11]} Rxh6 {[%emt 0:00:02]} 49. Kc2 {[%emt 0:00:28]} Rh3 {[%emt 0:00:32]} 50. Rg5+ {[%emt 0:01:01]} Kf7 {[%emt 0:00:27]} 51. Rg3 {[%emt 0:00:07]} Rh2 {[%emt 0:02:19]} 52. Re3 {[%emt 0:01:59]} Kf6 {[%emt 0:00:45]} 53. Kd3 {[%emt 0:00:15]} Kf5 {[%emt 0:00:21]} 54. d5 {[%emt 0:02:04]} Rh8 {[%emt 0:01:07]} 55. Re5+ {[%emt 0:02:52]} Kg4 {[%emt 0:00:20]} 56. Ke4 {[%emt 0:01:02]} Kh4 {[%emt 0:02:09]} 57. Nd4 {[%emt 0:00:46]} Kg3 {[%emt 0:00:43]} 58. Nf5+ {[%emt 0:00:23]} Kf2 {[%emt 0:00:01]} 59. d6 {[%emt 0:00:48]} Rd8 {[%emt 0:00:03]} 60. Rd5 {[%emt 0:00:21]} Re8+ {[%emt 0:01:32]} 61. Kd3 {[%emt 0:00:08]} 1-0